<?xml version="1.0" encoding="UTF-8"?><?xml-stylesheet type="text/xsl" href="static/style.xsl"?><OAI-PMH xmlns="http://www.openarchives.org/OAI/2.0/" xmlns:xsi="http://www.w3.org/2001/XMLSchema-instance" xsi:schemaLocation="http://www.openarchives.org/OAI/2.0/ http://www.openarchives.org/OAI/2.0/OAI-PMH.xsd"><responseDate>2026-04-13T01:56:47Z</responseDate><request verb="GetRecord" identifier="oai:www.recercat.cat:2117/9054" metadataPrefix="marc">https://recercat.cat/oai/request</request><GetRecord><record><header><identifier>oai:recercat.cat:2117/9054</identifier><datestamp>2025-07-17T09:50:26Z</datestamp><setSpec>com_2072_1033</setSpec><setSpec>col_2072_452950</setSpec></header><metadata><record xmlns="http://www.loc.gov/MARC21/slim" xmlns:dcterms="http://purl.org/dc/terms/" xmlns:xsi="http://www.w3.org/2001/XMLSchema-instance" xmlns:doc="http://www.lyncode.com/xoai" xsi:schemaLocation="http://www.loc.gov/MARC21/slim http://www.loc.gov/standards/marcxml/schema/MARC21slim.xsd">
   <leader>00925njm 22002777a 4500</leader>
   <datafield ind2=" " ind1=" " tag="042">
      <subfield code="a">dc</subfield>
   </datafield>
   <datafield ind2=" " ind1=" " tag="720">
      <subfield code="a">Martínez García, Herminio</subfield>
      <subfield code="e">author</subfield>
   </datafield>
   <datafield ind2=" " ind1=" " tag="720">
      <subfield code="a">Domingo Peña, Joan</subfield>
      <subfield code="e">author</subfield>
   </datafield>
   <datafield ind2=" " ind1=" " tag="260">
      <subfield code="c">2006</subfield>
   </datafield>
   <datafield ind2=" " ind1=" " tag="520">
      <subfield code="a">La presente ponencia presenta el método de evaluación llevado a cabo por los autores en la Escuela Universitaria de Ingeniería Técnica Industrial de Barcelona (EUETIB). En concreto, la asignatura que ha servido de plataforma piloto corresponde a la asignatura optativa Electrónica de&#xd;
Adquisición de Datos, Control y Comunicaciones Industriales, impartida en tercer curso de la especialidad de Electricidad Industrial.&#xd;
Centrándonos en la metodología, la evaluación llevada a cabo para los estudiantes se ha basado en actividades que los autores denominan ‘entregables’, haciendo uso, además, del aprendizaje&#xd;
cooperativo para la realización de las mismas. Estos documentos entregables consisten en unas plantillas que, de forma periódica, son distribuidas a los alumnos para que éstos realicen las actividades demandadas en las mismas. Dichas actividades deben ser realizadas en grupos de trabajo&#xd;
cooperativo, formados al inicio de curso y fijos a lo largo del mismo). En la experiencia se han contemplado no solamente actividades teóricas (que engloban a los&#xd;
clásicos problemas), sino también actividades de laboratorio y de simulación. Ello permite unificar la evaluación y mejorar el nexo de las diferentes partes en que se divide la asignatura (teoría,problemas&#xd;
y laboratorio con prácticas de taller de electrónica o de simulación ante el PC).</subfield>
   </datafield>
   <datafield ind2=" " ind1=" " tag="520">
      <subfield code="a">Postprint (published version)</subfield>
   </datafield>
   <datafield tag="653" ind2=" " ind1=" ">
      <subfield code="a">Àrees temàtiques de la UPC::Ensenyament i aprenentatge::Ensenyament universitari</subfield>
   </datafield>
   <datafield tag="653" ind2=" " ind1=" ">
      <subfield code="a">Learning</subfield>
   </datafield>
   <datafield tag="653" ind2=" " ind1=" ">
      <subfield code="a">Ensenyament universitari</subfield>
   </datafield>
   <datafield ind2="0" ind1="0" tag="245">
      <subfield code="a">Aprendizaje cooperativo y 'entregables': El paradigma de la evaluación continua en la universidad</subfield>
   </datafield>
</record></metadata></record></GetRecord></OAI-PMH>